[Event "Budapest FS05 GM"]
[Site "Budapest"]
[Date "2002.05.05"]
[Round "2"]
[White "Nyback, Tomi"]
[Black "Bilek, Istvan"]
[Result "0-1"]
[WhiteElo "2420"]
[BlackElo "2377"]
[PlyCount "65"]
[EventDate "2002.05.04"]
[EventType "tourn"]
[EventRounds "11"]
[EventCountry "HUN"]
[EventCategory "7"]
[SourceTitle "CBM 088 Extra"]
[Source "ChessBase"]
[SourceDate "2002.07.01"]
[SourceVersion "2"]
[SourceVersionDate "2002.07.01"]
[SourceQuality "1"]

1. c4 g6 2. g3 Bg7 3. Bg2 c5 4. Nc3 Nc6 5. a3 e6 6. b4 Nxb4 7. axb4 cxb4 8. d4 bxc3 9. e3 Ne7 10. Ne2 d5 11. cxd5 Nxd5 12. Ba3 Bf8 13. Bxf8 Kxf8 14. Qb3 Kg7 15. 0-0 Bd7 16. Rfc1 Bc6 17. e4 Nf6 18. f3 a6 19. Qxc3 Bb5 20. Nf4 Rc8 21. Qb2 Rxc1+ 22. Rxc1 g5 23. Nh3 h6 24. f4 Qb6 25. fxg5 hxg5 26. Rc5 Rd8 27. e5 Nd7 28. Qf2 Nxc5 29. Qf6+ Kg8 30. Nxg5 Be8 31. h4 Nd7 32. Qf4 Nxe5 33. Ne4 0-1

[Event "HUN-chT 9900"]
[Site "Hungary"]
[Date "1999.11.14"]
[Round "4"]
[White "Bilek, Istvan"]
[Black "Forgacs, Jozsef"]
[Result "1/2-1/2"]
[WhiteElo "2379"]
[BlackElo "2311"]
[PlyCount "23"]
[EventDate "1999.09.26"]
[EventType "team-tourn"]
[EventRounds "11"]
[EventCountry "HUN"]
[SourceTitle "EXT 2009"]
[Source "ChessBase"]
[SourceDate "2008.11.26"]
[SourceVersion "1"]
[SourceVersionDate "2008.11.26"]
[SourceQuality "1"]
[WhiteTeam "Honved"]
[BlackTeam "Hajduboszormeny"]
[WhiteTeamCountry "HUN"]
[BlackTeamCountry "HUN"]

1. Nf3 d5 2. g3 c5 3. Bg2 Nf6 4. 0-0 Nc6 5. d4 e6 6. b3 Be7 7. Bb2 0-0 8. Nbd2 b6 9. c4 Nxd4 10. Nxd4 cxd4 11. Nf3 Bb7 12. Nxd4 1/2-1/2

[Event "HUN-chT 9900"]
[Site "Hungary"]
[Date "1999.10.17"]
[Round "3"]
[White "Bilek, Istvan"]
[Black "Krutti, Valer"]
[Result "1/2-1/2"]
[WhiteElo "2379"]
[BlackElo "2357"]
[PlyCount "23"]
[EventDate "1999.09.26"]
[EventType "team-tourn"]
[EventRounds "11"]
[EventCountry "HUN"]
[SourceTitle "EXT 2009"]
[Source "ChessBase"]
[SourceDate "2008.11.26"]
[SourceVersion "1"]
[SourceVersionDate "2008.11.26"]
[SourceQuality "1"]
[WhiteTeam "Honved"]
[BlackTeam "Nagykanizsa"]
[WhiteTeamCountry "HUN"]
[BlackTeamCountry "HUN"]

1. Nf3 d5 2. g3 c6 3. Bg2 Bg4 4. d4 Nd7 5. 0-0 Ngf6 6. Nbd2 e6 7. b3 Be7 8. Bb2 0-0 9. c4 a5 10. a3 Re8 11. Re1 h6 12. Qc2 1/2-1/2

[Event "HUN-chT 9899"]
[Site "Hungary"]
[Date "1999.??.??"]
[Round "?"]
[White "Bilek, Istvan"]
[Black "Csiszar, Csaba"]
[Result "1/2-1/2"]
[WhiteElo "2365"]
[BlackElo "2410"]
[PlyCount "27"]
[EventDate "1998.??.??"]
[EventType "team-tourn"]
[EventRounds "12"]
[EventCountry "HUN"]
[SourceTitle "EXT 2000"]
[Source "ChessBase"]
[SourceDate "1999.11.16"]
[SourceVersion "1"]
[SourceVersionDate "1999.11.16"]
[SourceQuality "1"]

1. Nf3 Nf6 2. g3 b6 3. Bg2 Bb7 4. d3 g6 5. b3 Bg7 6. Bb2 0-0 7. 0-0 c5 8. c4 d6 9. Nc3 Nbd7 10. e3 Rb8 11. Qe2 a6 12. Rfd1 b5 13. e4 Bc6 14. Nd5 1/2-1/2

[Event "HUN-chT 9899"]
[Site "Hungary"]
[Date "1999.??.??"]
[Round "?"]
[White "Gross, Stefan"]
[Black "Bilek, Istvan"]
[Result "1/2-1/2"]
[WhiteElo "2330"]
[BlackElo "2365"]
[PlyCount "28"]
[EventDate "1998.??.??"]
[EventType "team-tourn"]
[EventRounds "12"]
[EventCountry "HUN"]
[SourceTitle "EXT 2000"]
[Source "ChessBase"]
[SourceDate "1999.11.16"]
[SourceVersion "1"]
[SourceVersionDate "1999.11.16"]
[SourceQuality "1"]

1. Nf3 Nf6 2. g3 g6 3. Bg2 Bg7 4. 0-0 0-0 5. c4 c6 6. d4 d5 7. Nbd2 Ne4 8. e3 Nxd2 9. Bxd2 dxc4 10. Qc2 Bf5 11. Qxc4 Be4 12. Rfd1 Nd7 13. Bc3 Nb6 14. Qb3 Nd5 1/2-1/2

[Event "HUN-chT 9899"]
[Site "Hungary"]
[Date "1998.??.??"]
[Round "?"]
[White "Bilek, Istvan"]
[Black "Szabolcsi, Janos"]
[Result "1-0"]
[WhiteElo "2365"]
[BlackElo "2425"]
[PlyCount "115"]
[EventDate "1998.??.??"]
[EventType "team-tourn"]
[EventRounds "12"]
[EventCountry "HUN"]
[SourceTitle "EXT 2000"]
[Source "ChessBase"]
[SourceDate "1999.11.16"]
[SourceVersion "1"]
[SourceVersionDate "1999.11.16"]
[SourceQuality "1"]

1. Nf3 d5 2. g3 c6 3. Bg2 Bg4 4. d4 Nd7 5. Nbd2 e6 6. e4 Ngf6 7. Qe2 Qb6 8. exd5 cxd5 9. c3 h6 10. Nf1 Bd6 11. Ne3 Bh5 12. Nf5 Bf8 13. h3 Ne4 14. Ne3 Be7 15. g4 Bg6 16. h4 a5 17. a4 Qc7 18. Bd2 Ra6 19. Bf1 Rb6 20. Nd1 0-0 21. h5 Bh7 22. Rg1 e5 23. Be3 exd4 24. Nxd4 Nec5 25. Nf5 Ne5 26. Bg2 Qd7 27. Kf1 Bxf5 28. gxf5 Qxf5 29. Bd4 Ng4 30. Bh3 Nh2+ 31. Kg2 Qf4 32. Qxe7 Nf3 33. Qe3 Qh2+ 34. Kxf3 Qxh3+ 35. Ke2 Qxh5+ 36. Kf1 g6 37. Bxc5 Re6 38. Qd3 Rfe8 39. Be3 Qf3 40. Rg3 Qh1+ 41. Ke2 h5 42. Rf3 h4 43. Qd4 Re5 44. Qg4 Re4 45. Rh3 Qxd1+ 46. Rxd1 Rxg4 47. Rxd5 Rxa4 48. Kf3 f6 49. Bd4 g5 50. Kg4 Re5 51. Rd7 Rb5 52. Re3 Kf8 53. Re6 Rxb2 54. Rxf6+ Ke8 55. Rh7 Rc4 56. Kxg5 Rc6 57. Rf5 a4 58. Bc5 1-0

[Event "HUN-chT 9899"]
[Site "Hungary"]
[Date "1998.??.??"]
[Round "?"]
[White "Csonka, Attila Istvan"]
[Black "Bilek, Istvan"]
[Result "1/2-1/2"]
[WhiteElo "2120"]
[BlackElo "2365"]
[PlyCount "42"]
[EventDate "1998.??.??"]
[EventType "team-tourn"]
[EventRounds "12"]
[EventCountry "HUN"]
[SourceTitle "EXT 2000"]
[Source "ChessBase"]
[SourceDate "1999.11.16"]
[SourceVersion "1"]
[SourceVersionDate "1999.11.16"]
[SourceQuality "1"]

1. e4 c5 2. Nf3 g6 3. d4 Bg7 4. c3 cxd4 5. cxd4 d5 6. e5 Nc6 7. Nc3 Bg4 8. Bb5 Rc8 9. 0-0 e6 10. b3 Nge7 11. Ba3 Nf5 12. Bxc6+ bxc6 13. Bc5 f6 14. h3 Bxf3 15. Qxf3 fxe5 16. dxe5 Rc7 17. Rfe1 Rf7 18. Qg4 Bf8 19. Na4 Bxc5 20. Nxc5 Qe7 21. Rac1 0-0 1/2-1/2

[Event "HUN-chT 9697"]
[Site "Hungary"]
[Date "1997.??.??"]
[Round "8"]
[White "Almasi, Istvan"]
[Black "Bilek, Istvan"]
[Result "1/2-1/2"]
[WhiteElo "2405"]
[BlackElo "2405"]
[PlyCount "58"]
[EventDate "1996.??.??"]
[EventType "team-tourn"]
[EventRounds "12"]
[EventCountry "HUN"]
[SourceTitle "EXT 2006"]
[Source "ChessBase"]
[SourceDate "2005.11.24"]
[SourceVersion "1"]
[SourceVersionDate "2005.11.24"]
[SourceQuality "1"]
[WhiteTeam "Postas"]
[BlackTeam "Vasas"]
[WhiteTeamCountry "HUN"]
[BlackTeamCountry "HUN"]

1. e4 c5 2. Nf3 d6 3. d4 cxd4 4. Nxd4 Nf6 5. Nc3 Nbd7 6. Be3 a6 7. f3 e6 8. g4 h6 9. Qd2 Ne5 10. 0-0-0 Bd7 11. h3 Qc7 12. f4 Nc4 13. Bxc4 Qxc4 14. g5 hxg5 15. fxg5 Nh5 16. Qf2 g6 17. Rhf1 Rh7 18. Nb3 Qc8 19. Bb6 Be7 20. h4 Bc6 21. Na5 e5 22. Be3 Qe6 23. Kb1 Rc8 24. b3 Qh3 25. Rg1 Nf4 26. Nc4 Qxh4 27. Qxh4 Rxh4 28. Nxd6+ Bxd6 29. Rxd6 Ne6 1/2-1/2

[Event "HUN-chT 9697"]
[Site "Hungary"]
[Date "1997.??.??"]
[Round "13"]
[White "Bilek, Istvan"]
[Black "Dao, Thien Hai"]
[Result "1/2-1/2"]
[WhiteElo "2405"]
[BlackElo "2560"]
[PlyCount "24"]
[EventDate "1996.??.??"]
[EventType "team-tourn"]
[EventRounds "12"]
[EventCountry "HUN"]
[SourceTitle "EXT 2006"]
[Source "ChessBase"]
[SourceDate "2005.11.24"]
[SourceVersion "1"]
[SourceVersionDate "2005.11.24"]
[SourceQuality "1"]
[WhiteTeam "Vasas"]
[BlackTeam "Budapest MTK"]
[WhiteTeamCountry "HUN"]
[BlackTeamCountry "HUN"]

1. e4 c5 2. Nf3 d6 3. Nc3 a6 4. g3 e5 5. Bg2 g6 6. d3 Bg7 7. 0-0 Nc6 8. Nd5 h6 9. Nd2 Nge7 10. Nc4 0-0 11. f4 exf4 12. Nxf4 b5 1/2-1/2

[Event "HUN-chT 9697"]
[Site "Hungary"]
[Date "1997.??.??"]
[Round "7"]
[White "Bilek, Istvan"]
[Black "Pinter, Jozsef"]
[Result "0-1"]
[WhiteElo "2405"]
[BlackElo "2560"]
[PlyCount "70"]
[EventDate "1996.??.??"]
[EventType "team-tourn"]
[EventRounds "12"]
[EventCountry "HUN"]
[SourceTitle "EXT 2006"]
[Source "ChessBase"]
[SourceDate "2005.11.24"]
[SourceVersion "1"]
[SourceVersionDate "2005.11.24"]
[SourceQuality "1"]
[WhiteTeam "Vasas"]
[BlackTeam "Elektromos"]
[WhiteTeamCountry "HUN"]
[BlackTeamCountry "HUN"]

1. c4 Nf6 2. Nf3 c5 3. Nc3 Nc6 4. g3 d5 5. cxd5 Nxd5 6. Bg2 Nc7 7. 0-0 e5 8. d3 Be7 9. Nd2 Bd7 10. Nc4 f6 11. f4 b5 12. Ne3 Rc8 13. Ned5 Nxd5 14. Nxd5 0-0 15. a4 b4 16. Ne3 exf4 17. gxf4 f5 18. Nc4 Be6 19. Be3 Rf6 20. Rf2 Rg6 21. Kh1 Bh4 22. Rf1 Bf6 23. Rc1 Rxg2 24. Kxg2 Bd5+ 25. Rf3 Qe7 26. Bf2 Nd4 27. Bxd4 cxd4 28. e3 Re8 29. Kf1 Qd7 30. Rg3 g6 31. b3 Bb7 32. Qd2 Bh4 33. Re1 Bxg3 34. hxg3 Qd5 35. Qf2 Kg7 0-1

[Event "HUN-chT 9697"]
[Site "Hungary"]
[Date "1997.??.??"]
[Round "14"]
[White "Bilek, Istvan"]
[Black "Ribli, Zoltan"]
[Result "1/2-1/2"]
[WhiteElo "2405"]
[BlackElo "2590"]
[PlyCount "28"]
[EventDate "1996.??.??"]
[EventType "team-tourn"]
[EventRounds "12"]
[EventCountry "HUN"]
[SourceTitle "EXT 2006"]
[Source "ChessBase"]
[SourceDate "2005.11.24"]
[SourceVersion "1"]
[SourceVersionDate "2005.11.24"]
[SourceQuality "1"]
[WhiteTeam "Vasas"]
[BlackTeam "Nagykanizsa"]
[WhiteTeamCountry "HUN"]
[BlackTeamCountry "HUN"]

1. c4 Nf6 2. Nf3 g6 3. Nc3 Bg7 4. e4 d6 5. d4 0-0 6. Be2 Nbd7 7. 0-0 e5 8. Re1 c6 9. Bf1 a5 10. d5 Nc5 11. Nd2 a4 12. Rb1 Nh5 13. b4 axb3 14. Nxb3 Nxb3 1/2-1/2

[Event "HUN-chT 9798"]
[Site "Hungary"]
[Date "1997.??.??"]
[Round "?"]
[White "Bilek, Istvan"]
[Black "Vadasz, Laszlo"]
[Result "1/2-1/2"]
[WhiteElo "2380"]
[BlackElo "2365"]
[PlyCount "27"]
[EventDate "1997.??.??"]
[EventType "team-tourn"]
[EventRounds "12"]
[EventCountry "HUN"]
[SourceTitle "EXT 2000"]
[Source "ChessBase"]
[SourceDate "1999.11.16"]
[SourceVersion "1"]
[SourceVersionDate "1999.11.16"]
[SourceQuality "1"]

1. c4 c5 2. Nc3 Nc6 3. Nf3 Nf6 4. e3 e6 5. d4 d5 6. cxd5 exd5 7. Be2 Bd6 8. 0-0 a6 9. dxc5 Bxc5 10. b3 0-0 11. Bb2 Ba7 12. Rc1 Be6 13. Na4 Ne4 14. Nd4 1/2-1/2

[Event "Budapest Honved"]
[Site "Budapest"]
[Date "1997.??.??"]
[Round "1"]
[White "Videki, Sandor"]
[Black "Bilek, Istvan"]
[Result "1/2-1/2"]
[WhiteElo "2375"]
[BlackElo "2380"]
[PlyCount "34"]
[EventDate "1997.02.??"]
[EventType "tourn"]
[EventRounds "11"]
[EventCountry "HUN"]
[EventCategory "7"]
[SourceTitle "CBM 058 Extra"]
[Source "ChessBase"]
[SourceDate "1997.07.29"]
[SourceVersion "1"]
[SourceVersionDate "1997.07.29"]
[SourceQuality "1"]

1. e4 c5 2. Nf3 d6 3. d4 cxd4 4. Nxd4 Nf6 5. Nc3 Nbd7 6. Be3 a6 7. Be2 Nc5 8. f3 e6 9. Qd2 Bd7 10. 0-0 Be7 11. a4 e5 12. Nb3 Nxb3 13. cxb3 Be6 14. Bc4 Rc8 15. Bd5 Bxd5 16. Nxd5 Nxd5 17. Qxd5 Qd7 1/2-1/2

[Event "HUN-chT 9596"]
[Site "Hungary"]
[Date "1996.??.??"]
[Round "10"]
[White "Bilek, Istvan"]
[Black "Schneider, Attila"]
[Result "1/2-1/2"]
[WhiteElo "2395"]
[BlackElo "2360"]
[PlyCount "23"]
[EventDate "1995.??.??"]
[EventType "team-tourn"]
[EventRounds "13"]
[EventCountry "HUN"]
[SourceTitle "EXT 2000"]
[Source "ChessBase"]
[SourceDate "1999.11.16"]
[SourceVersion "1"]
[SourceVersionDate "1999.11.16"]
[SourceQuality "1"]

1. Nf3 Nf6 2. g3 g6 3. Bg2 Bg7 4. 0-0 0-0 5. d4 d6 6. c4 c5 7. Nc3 Nc6 8. d5 Na5 9. Nd2 e5 10. e4 Ng4 11. a3 b6 12. b4 1/2-1/2

[Event "HUN-chT"]
[Site "Hungary"]
[Date "1995.??.??"]
[Round "?"]
[White "Adorjan, Andras"]
[Black "Bilek, Istvan"]
[Result "1-0"]
[WhiteElo "2530"]
[BlackElo "2395"]
[PlyCount "63"]
[EventDate "1995.??.??"]
[EventType "team-tourn"]
[EventRounds "13"]
[EventCountry "HUN"]
[SourceTitle "EXT 1997"]
[Source "ChessBase"]
[SourceDate "1996.11.15"]
[SourceVersion "1"]
[SourceVersionDate "1996.11.15"]
[SourceQuality "1"]

1. e4 c5 2. Nf3 Nc6 3. d4 cxd4 4. Nxd4 Qb6 5. Nb3 Nf6 6. Nc3 e6 7. Bd3 Bb4 8. 0-0 a6 9. Bf4 h6 10. e5 Bxc3 11. bxc3 Nd5 12. Qg4 Nxf4 13. Qxf4 Qc7 14. Rfe1 b6 15. Nd2 b5 16. a4 Bb7 17. axb5 axb5 18. Rxa8+ Bxa8 19. c4 bxc4 20. Nxc4 0-0 21. Qe4 f5 22. exf6 Rxf6 23. Re3 Qf4 24. Qxf4 Rxf4 25. Nb6 Bb7 26. Nxd7 Kf7 27. Be4 Na5 28. Nc5 Bxe4 29. Rxe4 Rf5 30. Nxe6 Nc6 31. Nd4 Rc5 32. Nxc6 1-0

[Event "HUN-chT"]
[Site "Hungary"]
[Date "1995.??.??"]
[Round "?"]
[White "Almasi, Zoltan"]
[Black "Bilek, Istvan"]
[Result "1-0"]
[WhiteElo "2590"]
[BlackElo "2395"]
[PlyCount "143"]
[EventDate "1995.??.??"]
[EventType "team-tourn"]
[EventRounds "13"]
[EventCountry "HUN"]
[SourceTitle "EXT 1997"]
[Source "ChessBase"]
[SourceDate "1996.11.15"]
[SourceVersion "1"]
[SourceVersionDate "1996.11.15"]
[SourceQuality "1"]

1. e4 c5 2. Nf3 a6 3. c3 Nf6 4. e5 Nd5 5. d4 cxd4 6. cxd4 d6 7. Bc4 Nb6 8. Bb3 e6 9. Nc3 Nc6 10. Qe2 d5 11. 0-0 Be7 12. Bc2 Bd7 13. Bf4 Rc8 14. Rac1 Nc4 15. Bd3 Nb4 16. Bb1 h6 17. Be3 Qb6 18. Ne1 Nc6 19. Na4 Qa5 20. b3 Na3 21. Qg4 Kf8 22. Nc5 Rc7 23. Bd3 Nb5 24. Bxb5 axb5 25. Nxd7+ Rxd7 26. Qe2 Ba3 27. Rc2 Qb6 28. f4 g6 29. Qf2 Ne7 30. Nd3 Rc7 31. Rxc7 Qxc7 32. Qd2 Nf5 33. Bf2 h5 34. Rb1 Kg7 35. b4 Qc4 36. Rb3 Ra8 37. Rc3 Bxb4 38. Rxc4 Bxd2 39. Rc2 Be3 40. Bxe3 Nxe3 41. Rb2 Ra4 42. Rxb5 Rxd4 43. Rb3 Nc4 44. Kf2 b6 45. g3 Na5 46. Rc3 Ra4 47. Rc2 Nc4 48. Nc1 g5 49. Nd3 Kg6 50. fxg5 Kxg5 51. Re2 Ra3 52. Ne1 Kg4 53. Nc2 h4 54. Nxa3 hxg3+ 55. hxg3 Nxa3 56. Ke3 Kxg3 57. Kd4 Nb5+ 58. Kd3 Kf4 59. Rb2 Na3 60. Kd4 Kf5 61. Rxb6 Nc4 62. Rb1 Nd2 63. Rb7 Nf3+ 64. Kc5 Nxe5 65. a4 Nc4 66. Rxf7+ Ke4 67. Rf1 Ne3 68. Re1 d4 69. a5 d3 70. a6 d2 71. Rh1 Nd5 72. a7 1-0